Modeling Buffer Stock Money : An Appraisal.

The buffer stock role of absorbing temporary discrepancies between purchases and sales is assigned to money because money, being the most liquid of all assets, performs the buffer function best. However, as this paper shows, the attempts to model the buffer stock role have led to certain incoherenci...

Disgrifiad llawn

Manylion Llyfryddiaeth
Awdur Corfforaethol: International Monetary Fund
Fformat: Cylchgrawn
Iaith:English
Cyhoeddwyd: Washington, D.C. : International Monetary Fund, 1988.
Cyfres:IMF Working Papers; Working Paper ; No. 1988/041
Pynciau:
Mynediad Ar-lein:Full text available on IMF
LEADER 01718cas a2200289 a 4500
001 AALejournalIMF007754
008 230101c9999 xx r poo 0 0eng d
020 |c 5.00 USD 
020 |z 9781451976236 
022 |a 1018-5941 
040 |a BD-DhAAL  |c BD-DhAAL 
110 2 |a International Monetary Fund. 
245 1 0 |a Modeling Buffer Stock Money :   |b An Appraisal. 
264 1 |a Washington, D.C. :  |b International Monetary Fund,  |c 1988. 
300 |a 1 online resource (22 pages) 
490 1 |a IMF Working Papers 
500 |a <strong>Off-Campus Access:</strong> No User ID or Password Required 
500 |a <strong>On-Campus Access:</strong> No User ID or Password Required 
506 |a Electronic access restricted to authorized BRAC University faculty, staff and students 
520 3 |a The buffer stock role of absorbing temporary discrepancies between purchases and sales is assigned to money because money, being the most liquid of all assets, performs the buffer function best. However, as this paper shows, the attempts to model the buffer stock role have led to certain incoherencies. Specifically, this paper shows that the econometric models of buffer stock money published in the literature are incompatible with the theory of buffer stock money and imply two different probability distributions for the same variable, thus resulting in an incoherency. 
538 |a Mode of access: Internet 
650 7 |a Interest Rate  |2 imf 
650 7 |a Money Demand  |2 imf 
650 7 |a Money Supply  |2 imf 
650 7 |a WP  |2 imf 
830 0 |a IMF Working Papers; Working Paper ;  |v No. 1988/041 
856 4 0 |z Full text available on IMF  |u http://elibrary.imf.org/view/journals/001/1988/041/001.1988.issue-041-en.xml  |z IMF e-Library